The industries of Penzance (Record no. 85679)

MARC details
000 -LEADER
fixed length control field 00414cam a2200181 4500
001 - CONTROL NUMBER
control field D6565
008 - FIXED-LENGTH DATA ELEMENTS--GENERAL INFORMATION
fixed length control field 090401t1978 xxu||||| |||| 00| 0 eng d
035 ## - SYSTEM CONTROL NUMBER
System control number (Sirsi) u1521
041 ## - LANGUAGE CODE
Language code of text/sound track or separate title eng
050 ## - LIBRARY OF CONGRESS CALL NUMBER
Classification number 914.2375
100 ## - MAIN ENTRY--PERSONAL NAME
Personal name Laws, P.
245 #4 - TITLE STATEMENT
Title The industries of Penzance
260 ## - PUBLICATION, DISTRIBUTION, ETC.
Place of publication, distribution, etc. Penzance
Name of publisher, distributor, etc. Trevithick Society
Date of publication, distribution, etc. 1978
300 ## - PHYSICAL DESCRIPTION
Extent 48p. ill. 21cm
350 ## - PRICE (NR) (BK AM CF MU VM SE) [OBSOLETE]
Price 0
942 ## - ADDED ENTRY ELEMENTS (KOHA)
Suppress in OPAC 0
948 ## - LOCAL PROCESSING INFORMATION (OCLC); SERIES PART DESIGNATOR (RLIN)
c (OCLC) 04/03/1997
Holdings
Withdrawn status Lost status Source of classification or shelving scheme Damaged status Not for loan Home library Current library Shelving location Date acquired Total Checkouts Full call number Barcode Date last seen Copy number Price effective from Koha item type
    Dewey Decimal Classification     London London Books 14/09/1999   914.2375 130019813 06/08/2019 1 06/08/2019 Book